000 00896nac a22002417a 4500
001 BR8802480
003 BR-BrBNA
005 20240105120802.0
008 230509b bl.|||m| |||| 00| 0 por d
040 _aBR-BrBNA
_bpor
_cBiblioteca Nacional de Agricultura
072 _aC20
090 _aC20 BR8802480
110 1 _aEmpresa de Assistencia Tecnica e Extensao Rural do Rio Grande do Norte, Natal (Brasil)
_94052
245 1 _aRelatorio de atividades 82 [Empresa de Assistencia Tecnica e Extensao Rural do Rio Grande do Norte]
260 3 _aNatal, RN (Brasil):
_c1983.
300 _a28 p.
490 _aSerie Relatorio - Empresa de Assistencia Tecnica e Extensao Rural do Rio Grande do Norte (Brazil)
_vno. 2
_x
500 _a15 illus.; 10 tables
650 _aEXTENSAO RURAL
650 _aRIO GRANDE DO NORTE
909 _a202312
_bLúcia Elande
_c55
_dLúcia Elande
942 _2AGRIS
_n0
_cMS
999 _c281393
_d281393